Calculus and analytic geometry / (Record no. 194675)
[ view plain ]
| 000 -LEADER | |
|---|---|
| fixed length control field | 01063 a2200169 4500 |
| 003 - CONTROL NUMBER IDENTIFIER | |
| control field | Nust |
| 005 - DATE AND TIME OF LATEST TRANSACTION | |
| control field | 20170207154200.0 |
| 040 ## - CATALOGING SOURCE | |
| Transcribing agency | Nust |
| 082 ## - DEWEY DECIMAL CLASSIFICATION NUMBER | |
| Classification number | 515.15 |
| 100 ## - MAIN ENTRY--PERSONAL NAME | |
| Personal name | Thomas, George B. |
| 245 ## - TITLE STATEMENT | |
| Title | Calculus and analytic geometry / |
| Statement of responsibility, etc. | eorge B. Thomas, Jr., Ross L. Finney |
| 260 ## - PUBLICATION, DISTRIBUTION, ETC. | |
| Place of publication, distribution, etc. | Reading, Mass. : |
| Name of publisher, distributor, etc. | Addison-Wesley, |
| Date of publication, distribution, etc. | 1972 |
| 300 ## - PHYSICAL DESCRIPTION | |
| Extent | 1034 P. |
| 505 ## - FORMATTED CONTENTS NOTE | |
| Formatted contents note | The Rate of Change of a Function (Page-1) Derivatives of Algebraic Functions (Page-62) Applications (Page-112) Integration (Page-164) Application of the Definite Integral (Page-231) Transcendental Functions (Page-300) Methods of Integration (Page-348) Determinants and Linear Equations (Page-408) Plane Analytic Geometry (Page-449) Hyperbolic Functions (Page-522) Polar Coordinates (Page-547) Vectors and Parametric Equations (Page-573) Solid Geometry and Vectors (Page-615) Partial Differentiation (Page-674) Multiple Integrals (Page-750) Infinite Series (Page-789) Complex Numbers and Functions (Page-863) Differential Equations (Page-899) |
| 650 ## - SUBJECT ADDED ENTRY--TOPICAL TERM | |
| Topical term or geographic name entry element | Calculus. |
| 651 ## - SUBJECT ADDED ENTRY--GEOGRAPHIC NAME | |
| Geographic name | Analytic Geometry |
| 942 ## - ADDED ENTRY ELEMENTS (KOHA) | |
| Source of classification or shelving scheme | |
| Koha item type | Book |
| Withdrawn status | Lost status | Source of classification or shelving scheme | Damaged status | Not for loan | Collection code | Permanent Location | Current Location | Date acquired | Total Checkouts | Full call number | Barcode | Date last seen | Price effective from | Koha item type |
|---|---|---|---|---|---|---|---|---|---|---|---|---|---|---|
| Military College of Signals (MCS) | Military College of Signals (MCS) | 12/12/2016 | 515.5 THO | MCS7282 | 12/08/2016 | 12/12/2016 | Book |
